| 000 | 00512ntaaa2200193 4500 | ||
|---|---|---|---|
| 003 | 01 | ||
| 005 | 20251027202012.0 | ||
| 008 | 0714s1973 ag 01 | ||
| 020 | _a8430109706 | ||
| 040 |
_aAR-BaBN _bspa _cAR-BaBN _eaacr _dRIC |
||
| 082 | _a261.1000 P63a | ||
| 100 |
_aPikaza, Zabier _918615 |
||
| 245 | _aAnunciar la libertad a los cautivos; palabra de Dios y catequesis. | ||
| 250 | _a1 ed. | ||
| 260 |
_aSalamanca : _bSigueme, _c1985 |
||
| 300 |
_a403 p. ; _c21 cm. |
||
| 650 |
_aLibertad _94526 |
||
| 942 | _cBK | ||
| 999 |
_c14777 _d14777 |
||